Normal view
MARC view
Entry Topical Term
001 - CONTROL NUMBER
- control field: 8635
003 - CONTROL NUMBER IDENTIFIER
- control field: BD-RjUL
005 - DATE AND TIME OF LATEST TRANSACTION
- control field: 20230828125121.0
008 - FIXED-LENGTH DATA ELEMENTS
- fixed length control field: 230828|| aca||aabn | a|a d
040 ## - CATALOGING SOURCE
- Original cataloging agency: BD-RjUL
- Transcribing agency: BD-RjUL
150 ## - HEADING--TOPICAL TERM
- Topical term or geographic name entry element: Fire
- General subdivision: Folklore
670 ## - SOURCE DATA FOUND
- Source citation: Work cat.: (BD-RjUL)81793: মজুমদার, দিব্যজ্যোতি 8250, আগুনের মিথকথা / , ২০১৫